000 00690nam a2200289Ia 4500
005 20260324142636.0
008 008 260324s9999 xx 000 0 eng d
020 _a9781315255200
037 _aEBOOK
040 _aCRL
040 _beng
040 _cCRL
041 _2eng
041 _aeng
084 _qCRL
100 _aAlan F. Stokes; Kirsten Kite
_91212711
245 0 _aFlight Stress
245 0 _bStress, Fatigue and Performance in Aviation
260 _bTaylor and Francis
260 _c1994
365 _a
365 _b400
856 _uhttp://www.taylorfrancis.com/books/9781315255200
942 _cEBOOK
999 _c1817117
_d1817117